000 00352nab a22001097u 4500
008 130520b1975 xxu||||| |||| 00| 0 eng d
041 _aeng
100 1 _aZimmerman, Michael E.
_950143
245 0 4 _aThe Foundering of "Being and Time"
_cMichael E. Zimmerman
773 0 _tPhilosophy Today
_gV.19, nº2,1975,págs. 100-107
_x0031-8256
_wRev325
942 _cAR
999 _c303177
_d303177